202 Pays et Capitales du monde - Statistiques

Statistiques générales
  • Ce quiz a été pris 2 810 fois
  • Le résultat moyen est 252 sur 404
Réponses sur la Carte
Les réponses sont colorées sur une échelle allant du rouge au vert en fonction du pourcentage des utilisateurs qui les ont devinées à leur premier essai. Vous pouvez retrouver ces pourcentages ci-dessous.
 
Statistiques - réponses
Pays % Correct
France
87%
Etats-Unis
85%
Canada
84%
Espagne
84%
Paris
84%
Allemagne
83%
Danemark
83%
Italie
83%
Mexique
83%
Portugal
83%
Belgique
82%
Royaume-Uni
82%
Alger
81%
Autriche
81%
Finlande
81%
Grèce
81%
Irlande
81%
Islande
81%
Norvège
81%
Pologne
81%
Russie
81%
Suisse
81%
Albanie
80%
Algérie
80%
Argentine
80%
Berlin
80%
Brésil
80%
Chine
80%
Hongrie
80%
Japon
80%
Lettonie
80%
Lituanie
80%
Pays-Bas
80%
Roumanie
80%
Suède
80%
Ukraine
80%
Chili
79%
Croatie
79%
Cuba
79%
Estonie
79%
Inde
79%
Madrid
79%
Rome
79%
Tunis
79%
Turquie
79%
Washington
79%
Andorre
78%
Australie
78%
Biélorussie
78%
Bulgarie
78%
Colombie
78%
Lisbonne
78%
Londres
78%
Luxembourg
78%
Maroc
78%
Pérou
78%
Tunisie
78%
Afrique du Sud
77%
Bruxelles
77%
Corée du Sud
77%
Égypte
77%
Malte
77%
Mongolie
77%
République tchèque
77%
Venezuela
77%
Amsterdam
76%
Arabie Saoudite
76%
Bolivie
76%
Corée du Nord
76%
Irak
76%
Iran
76%
Macédoine du Nord
76%
Mexico
76%
Monaco
76%
Moscou
76%
Oslo
76%
Serbie
76%
Slovaquie
76%
Slovénie
76%
Uruguay
76%
Vatican
76%
Athènes
75%
Berne
75%
Bosnie-Herzégovine
75%
Dublin
75%
Équateur
75%
Israël
75%
Libye
75%
Madagascar
75%
Moldavie
75%
Monténégro
75%
Ottawa
75%
Panama
75%
Paraguay
75%
Rép. dém. du Congo
75%
République du Congo
75%
Thaïlande
75%
Vienne
75%
Chypre
74%
Haïti
74%
Helsinki
74%
Indonésie
74%
Kiev
74%
Kosovo
74%
Mali
74%
Nouvelle-Zélande
74%
Pakistan
74%
Pékin
74%
Philippines
74%
Saint-Marin
74%
Viêt Nam
74%
Afghanistan
73%
Brasilia
73%
Budapest
73%
Guatemala
73%
Guinée
73%
Guyana
73%
Honduras
73%
Jamaïque
73%
Jordanie
73%
Kazakhstan
73%
Liban
73%
Népal
73%
Syrie
73%
Tokyo
73%
Yémen
73%
Arménie
72%
Bucarest
72%
Laos
72%
Niger
72%
Oman
72%
Qatar
72%
Sénégal
72%
Soudan
72%
Stockholm
72%
Varsovie
72%
Cambodge
71%
Costa Rica
71%
Émirats arabes unis
71%
Géorgie
71%
Kenya
71%
Malaisie
71%
Mauritanie
71%
Nigeria
71%
Ouzbékistan
71%
Somalie
71%
Suriname
71%
Turkménistan
71%
Zimbabwe
71%
Andorre-La-Vieille
70%
Azerbaïdjan
70%
Bahamas
70%
Bangladesh
70%
Birmanie
70%
Cameroun
70%
Liechtenstein
70%
Nicaragua
70%
République dominicaine
70%
Séoul
70%
Sri Lanka
70%
Togo
70%
Zagreb
70%
Zambie
70%
Angola
69%
Bénin
69%
Buenos Aires
69%
Cap-Vert
69%
Copenhague
69%
Côte d'Ivoire
69%
Érythrée
69%
Éthiopie
69%
Ghana
69%
Guinée équatoriale
69%
Koweït
69%
Le Caire
69%
New Delhi
69%
Prague
69%
Sofia
69%
Taïwan
69%
Tanzanie
69%
Ankara
68%
Belize
68%
Bhoutan
68%
Gabon
68%
Guinée-Bissau
68%
La Valette
68%
Lesotho
68%
Mozambique
68%
République Centrafricaine
68%
Rwanda
68%
Salvador
68%
Soudan du Sud
68%
Tadjikistan
68%
Botswana
67%
Burkina Faso
67%
Comores
67%
Djibouti
67%
Kirghizistan
67%
Lima
67%
Maldives
67%
Namibie
67%
Riga
67%
Singapour
67%
Tchad
67%
Canberra
66%
Dacca
66%
Eswatini
66%
Gambie
66%
Île Maurice
66%
Jérusalem
66%
Ouganda
66%
Papouasie Nvlle. Guinée
66%
Sainte-Lucie
66%
Seychelles
66%
Tallinn
66%
Barbade
65%
Burundi
65%
Fidji
65%
La Havane
65%
Liberia
65%
Malawi
65%
Rabat
65%
Sierra Leone
65%
Tirana
65%
Bahreïn
64%
Micronésie
64%
Minsk
64%
Reykjavik
64%
São Tomé
64%
Sao Tomé-et-Principe
64%
Antigua-et-Barbuda
63%
Belgrade
63%
Bogota
63%
Bratislava
63%
Dominique
63%
Jakarta
63%
Santiago
63%
St-Christophe-et-Niévès
63%
St-Vincent-et-les-Grenadines
63%
Tonga
63%
Vanuatu
63%
Bagdad
62%
Bangkok
62%
Brunei
62%
Îles Marshall
62%
Kiribati
62%
Pyongyang
62%
Sucre / La Paz
62%
Trinité-et-Tobago
62%
Beyrouth
61%
Grenade
61%
Montevideo
61%
Samoa
61%
Sarajevo
61%
Téhéran
61%
Timor oriental
61%
Tuvalu
61%
Vilnius
61%
Kaboul
60%
Manille
60%
Nauru
60%
Palaos
60%
Salomon
60%
Caracas
59%
Doha
59%
Riyad
59%
Damas
58%
Kingston
58%
Kingstown
58%
Oulan-Bator
58%
Pristina
58%
Bamako
57%
Islamabad
57%
Nicosie
57%
Quito
57%
Bakou
56%
Dakar
56%
Kuala Lumpur
56%
Nairobi
56%
Vaduz
56%
Asunción
55%
Brazzaville
55%
Chisinau
55%
Hanoï
55%
Kinshasa
55%
Port-au-Prince
55%
Skopje
55%
Pretoria
54%
San Salvador
54%
Tbilissi
54%
Tripoli
54%
Wellington
54%
Amman
53%
Libreville
53%
Noursoultan
53%
Saint-Domingue
53%
Podgorica
52%
Sanaa
52%
San José
52%
Taipei
52%
Bissau
51%
Erevan
51%
Georgetown
51%
Katmandou
51%
Ouagadougou
51%
Yaoundé
51%
Abu Dhabi
50%
Antananarivo
50%
Mascate
50%
Accra
49%
Addis-Abeba
49%
Malé
49%
Managua
49%
Freetown
48%
Khartoum
48%
Luanda
48%
Yamoussoukro
48%
Lomé
47%
Nassau
47%
Phnom Penh
47%
Vientiane
47%
Nouakchott
46%
Tegucigalpa
46%
Abuja
45%
Conakry
45%
Dili
45%
Manama
45%
Port Louis
45%
Victoria
45%
Belmopan
44%
Bichkek
44%
Niamey
44%
Paramaribo
43%
Porto-Novo
43%
Tachkent
43%
Asmara
42%
Ljubljana
42%
Maputo
42%
Saint John's
42%
Achgabat
41%
Bangui
41%
Dodoma
41%
Kigali
41%
Lusaka
41%
Mogadiscio
41%
Palestine
41%
Praia
41%
Roseau
41%
Saint-Georges
41%
Banjul
40%
Bridgetown
40%
Castries
40%
Djouba
40%
Douchanbe
40%
Harare
40%
Kampala
40%
N'Djamena
40%
Basseterre
39%
Malabo
39%
Port Moresby
39%
Suva
39%
Thimphou
39%
Windhoek
39%
Bandar Seri Begawan
38%
Moroni
38%
Gaborone
37%
Monrovia
37%
Lilongwe
36%
Mbabane / Lobamba
36%
Port-Vila
36%
Apia
35%
Gitega
35%
Maseru
34%
Funafuti
33%
Yaren
33%
Sri Jayawardenapura Kotte
32%
Honiara
31%
Majuro
31%
Nukualofa
31%
Palikir
31%
Tarawa
31%
Naypyjdaw
30%
Port of Spain
30%
Jérusalem-Est / Ramallah
20%
Melekeok
19%
Îles Cook
18%
Niue
15%
Ossétie du Sud
10%
Abkhazie
9%
Alofi
6%
Laâyoune / Tifariti / Tindouf
6%
République Arabe Sahraouie Démocratique
5%
Avarua
3%
Soukhoumi
2%
Tskhinvali
1%
Aucun quiz correspondant
Distribution des résultats
% des personnes avec chaque résultat
Percentile par nombre de réponses
Votre historique - résultats
Vous n’avez pas pris ce quiz